Normal view MARC view

Entry Topical Term

Number of records used in: 1

001 - CONTROL NUMBER

  • control field: 73171

003 - CONTROL NUMBER IDENTIFIER

  • control field: dpl

005 - DATE AND TIME OF LATEST TRANSACTION

  • control field: 20241022154737.0

008 - FIXED-LENGTH DATA ELEMENTS

  • fixed length control field: 241022|| aca||aabn | a|a d

040 ## - CATALOGING SOURCE

  • Original cataloging agency: dpl
  • Transcribing agency: dpl

150 ## - HEADING--TOPICAL TERM

  • Topical term or geographic name as entry element: लघु कथाएँ, हिंदी

670 ## - SOURCE DATA FOUND

  • Source citation: Work cat.: (dpl)147550: चतुर्वेदी , अपर्णा 73170, अनुत्तरित प्रश्न/, 2016

© Delhi Public Library
Hit Counter
free hit counter